La promoción del desarrollo local y regional (Registro nro. 25593)

Detalles MARC
000 -LEADER
fixed length control field 00362 a2200121 4500
001 - CONTROL NUMBER
control field ART_11456
005 - DATE AND TIME OF LATEST TRANSACTION
control field 20260410161857.0
008 - FIXED-LENGTH DATA ELEMENTS--GENERAL INFORMATION
fixed length control field 260409a
100 1# - MAIN ENTRY--PERSONAL NAME
Personal name Frediani, Ramón O.
245 10 - TITLE STATEMENT
Title La promoción del desarrollo local y regional
700 1# - ADDED ENTRY--PERSONAL NAME
Personal name Barone, Sergio
773 0# - HOST ITEM ENTRY
Title Revista de Economía
Related parts - Nº 72 (ene./mar. 1994)
Record control number REV11077

No hay ítems disponibles.